000 01442nam a2200421 i 4500
001 14625
003 KOSZ 005
005 20221229122345.0
008 071006s1972 pl a f 000 0 pol
015 _aPB 1972/7507
035 _a991037077979705066
035 _a(PL-WaBN)b19948645-48omnis_nlop
035 _ab19948645
035 _a(OCoLC)751284966
035 _a(PL)b0000001994864
035 _a(EXLNZ-48OMNIS_NETWORK)9910262449705606
040 _aWA N
_cWA N
_dKOSZ 005/KK
080 _a69
080 _a658.56
100 1 _aBukojemski, Leszek
_eAutor
245 1 0 _aGospodarka materiałowa w budownictwie /
_cLeszek Bukojemski, Jan Nowak.
260 _aWarszawa :
_bPaństwowe Wydawnictwo Ekonomiczne,
_c1972.
300 _a286, [2] strony :
_bilustracje ;
_c23 cm.
336 _2rdacontent
_aTekst
_btxt
337 _2rdamedia
_aBez urządzenia pośredniczącego
_bn
338 _2rdacarrier
_aWolumin
_bnc
380 _aKsiążki
388 _a1901-2000
650 7 _aBudownictwo
_2DBN
658 _aArchitektura i budownictwo
658 _aGospodarka, ekonomia, finanse
650 7 _aGospodarka materiałowa
_2DBN
710 2 _aPaństwowe Wydawnictwo Ekonomiczne
_4pbl
700 1 _aNowak, Jan
_c(ekonomista)
_eAutor
856 _uhttp://koha.tu.koszalin.pl/cgi-bin/koha/opac-detail.pl?biblionumber=14625
_yKatalog online BPK
942 _2UKD
_cKS
999 _c14625
_d14625